| 000 | 00710nam a2200217 a 4500 | ||
|---|---|---|---|
| 005 | 20230627063552.0 | ||
| 008 | 991125s1971 fr 000 0 fre u | ||
| 035 | _aUPN01000018425 | ||
| 049 | _aF | ||
| 050 | 4 |
_aLC65 _bJ3.34 |
|
| 100 | 1 | _aJamin, V. A. | |
| 245 | 1 | 2 |
_aL'éducation et le développement économique / _cpar V. A. Jamin et S. L. Kostanian. |
| 260 |
_a[Paris] : _bUNESCO, _c1971. |
||
| 300 | _a13 p. | ||
| 440 | 0 |
_aSerie B. _pOpinions ; _v18 |
|
| 500 | _aA la cabeza de la portada : Commission Internationale sur le Developpement de l'Education | ||
| 500 | _aTraduit du ruuse | ||
| 650 | 4 |
_aEducación _xAspectos económicos _911820 |
|
| 700 | 1 |
_aKonstanian, S. L., _ecoaut. |
|
| 905 | _aLibro | ||
| 999 |
_c18425 _d18425 |
||